| 000 | 00627cam a22002171 4500 | ||
|---|---|---|---|
| 001 | af 48003501 | ||
| 003 | DLC | ||
| 005 | 20260227110902.0 | ||
| 008 | 880929s1945 be b 000 1 dut c | ||
| 010 | _aaf 48003501 | ||
| 035 | _a(OCoLC)18546506 | ||
| 040 |
_aCalifornia. Univ. Libr. _cCU _dCU _dDLC |
||
| 042 | _apremarc | ||
| 050 | 0 | 0 |
_aPT5834.F32 _bN3 1945 |
| 100 | 1 |
_aFabricius, Johan, _d1899- |
|
| 245 | 1 | 0 |
_aNacht over Java; _broman. |
| 260 |
_aBrussel, _bA. Manteau _c[1945] |
||
| 300 |
_a147 p. _c21 cm. |
||
| 504 | _a"List van Javaansche en Maleische woorden": p. 142-147. | ||
| 650 | 0 |
_aWorld War, 1939-1945 _vFiction. |
|
| 999 |
_c5620 _d5620 |
||